[Event "NM Junior Gruppe B 2002"]
[Site "Tjele"]
[Date "2002.02.14"]
[Round "1"]
[White "Karlsson, Bjorn Ivar"]
[Black "Berg, Olaf"]
[Result "1-0"]
[WhiteElo "1870"]
[BlackElo "2055"]
[PlyCount "107"]
[EventDate "2002.??.??"]

1. e4 c5 2. Nc3 d6 3. g3 g6 4. Bg2 Bg7 5. d3 Nc6 6. f4 e6 7. Nf3 Nge7 8. Be3
Qb6 9. Rb1 d5 10. exd5 exd5 11. Bf2 Qa5 12. O-O O-O 13. d4 b6 14. Re1 Bg4 15.
Ne2 Rfd8 16. a3 Rac8 17. c3 Bf5 18. b4 Qxa3 19. Ra1 Qb2 20. dxc5 b5 21. Nfd4
Be4 22. Nxb5 Nf5 23. g4 Bxg2 24. Kxg2 d4 25. gxf5 dxc3 26. Nd6 Nxb4 27. Rb1 c2
28. Rxb2 cxd1=Q 29. Rxd1 Bxb2 30. Rb1 Rc6 31. Rxb2 Nd3 32. Rb7 Nxf2 33. Kxf2
Rxc5 34. Nxf7 Rd2 35. Nh6+ Kf8 36. f6 Rcd5 37. Rxa7 Rd6 38. Ra8+ Rd8 39. Ra5
R8d6 40. Ng4 h5 41. Ra8+ Kf7 42. Ne5+ Kxf6 43. Nc4 Rxe2+ 44. Kxe2 Rd4 45. Ne3
Rd6 46. h4 Rc6 47. Ra5 Rc1 48. Ra6+ Kf7 49. Kf3 Rh1 50. Nc4 Rxh4 51. Ne5+ Kg7
52. Rxg6+ Kh7 53. Rg5 Rh3+ 54. Ke4 1-0

[Event "NM Junior Gruppe B 2002"]
[Site "Tjele"]
[Date "2002.02.14"]
[Round "1"]
[White "Moller, Morten Kock"]
[Black "Valgardsson, Gudjon Heidar"]
[Result "1-0"]
[WhiteElo "1903"]
[BlackElo "2046"]
[PlyCount "45"]
[EventDate "2002.??.??"]

1. e4 c5 2. c3 e6 3. d4 cxd4 4. cxd4 d5 5. e5 Nc6 6. Nf3 f6 7. Be2 fxe5 8. dxe5
Bc5 9. O-O Qc7 10. Bf4 Nge7 11. Nc3 a6 12. Bd3 O-O 13. Bg3 Nf5 14. Bxf5 Rxf5
15. Nxd5 Qf7 16. Nc3 b5 17. Ne4 Be7 18. Rc1 Nb4 19. Nd6 Bxd6 20. Qxd6 Nd5 21.
Nd4 Rh5 22. Qc6 Qa7 23. Qe8# 1-0

[Event "NM Junior Gruppe B 2002"]
[Site "Tjele"]
[Date "2002.02.14"]
[Round "1"]
[White "Pedersen, Christian Kyndel"]
[Black "Semcesen, Daniel"]
[Result "1/2-1/2"]
[WhiteElo "2254"]
[BlackElo "2097"]
[PlyCount "66"]
[EventDate "2002.??.??"]

1. d4 Nf6 2. c4 e5 3. dxe5 Ng4 4. e4 Nxe5 5. f4 Nec6 6. Nf3 Bc5 7. Bd3 d6 8.
Nc3 a5 9. Qe2 Bg4 10. Be3 Na6 11. O-O-O Qd7 12. h3 Bxf3 13. Qxf3 O-O-O 14. Bc2
f6 15. Ba4 Qf7 16. Bxc6 bxc6 17. b3 Rhe8 18. Bd2 Ba3+ 19. Kb1 f5 20. g4 fxe4
21. Nxe4 d5 22. Ng5 Qf6 23. Qc3 dxc4 24. Qxf6 gxf6 25. Nxh7 Rxd2 26. Rxd2 c3
27. Rd3 Nb4 28. Rxc3 Re2 29. g5 Rb2+ 30. Ka1 Rxa2+ 31. Kb1 Rb2+ 32. Ka1 Ra2+
33. Kb1 Rb2+ 1/2-1/2

[Event "NM Junior Gruppe B 2002"]
[Site "Tjele"]
[Date "2002.02.14"]
[Round "1"]
[White "Siljander, Juhana"]
[Black "Wiwe, Andreas"]
[Result "1-0"]
[WhiteElo "1984"]
[BlackElo "1930"]
[PlyCount "55"]
[EventDate "2002.??.??"]

1. e4 c5 2. Nf3 d6 3. d4 cxd4 4. Nxd4 Nf6 5. Nc3 g6 6. Be2 Bg7 7. Be3 Nc6 8.
O-O O-O 9. Kh1 a6 10. f4 Bd7 11. Bf3 Rc8 12. Qd2 Na5 13. Rab1 Nc4 14. Qd3 Qc7
15. Bd2 Nxd2 16. Qxd2 b5 17. a3 Qb6 18. e5 dxe5 19. fxe5 Ng4 20. Nd5 Qd8 21.
Qg5 Nxe5 22. Qxe7 Nxf3 23. Nxf3 Rxc2 24. Ng5 h6 25. Rxf7 Rxf7 26. Qxd8+ Rf8 27.
Ne7+ Kh8 28. Nxg6+ 1-0

[Event "NM Junior Gruppe B 2002"]
[Site "Tjele"]
[Date "2002.02.14"]
[Round "1"]
[White "Tallaksen, Geir Sune"]
[Black "Tomason, Rani"]
[Result "1-0"]
[WhiteElo "2235"]
[BlackElo "1185"]
[PlyCount "81"]
[EventDate "2002.??.??"]

1. d4 Nf6 2. c4 g6 3. Nc3 Bg7 4. e4 d6 5. Nf3 O-O 6. Be2 e5 7. O-O Nc6 8. d5
Ne7 9. Ne1 Nd7 10. Be3 f5 11. f3 f4 12. Bf2 g5 13. a4 Rf6 14. a5 Rh6 15. Nb5
Nf6 16. Nxa7 Rxa7 17. Bxa7 Qe8 18. h3 Qh5 19. Rf2 Bxh3 20. gxh3 Qxh3 21. Rg2
Qh1+ 22. Kf2 Qh4+ 23. Kf1 Nh5 24. Bf2 Ng3+ 25. Bxg3 fxg3 26. Qd2 Ng6 27. Qe3
Nf4 28. b4 g4 29. Ra3 Rf6 30. b5 Bh6 31. Qg1 Nxg2 32. Qxg2 Bf4 33. a6 bxa6 34.
bxa6 Rf8 35. a7 Ra8 36. fxg4 Qh6 37. Qg1 Qf6 38. Nf3 Bc1 39. Rb3 Qf8 40. Kg2
Bf4 41. Qb1 1-0

[Event "NM Junior Gruppe B 2002"]
[Site "Tjele"]
[Date "2002.02.14"]
[Round "1"]
[White "Tikkanen, Hans"]
[Black "Egeland, Marte"]
[Result "1-0"]
[WhiteElo "2263"]
[BlackElo "1542"]
[PlyCount "83"]
[EventDate "2002.??.??"]

1. d4 d5 2. c4 e6 3. Nc3 Nf6 4. cxd5 exd5 5. Bf4 c6 6. Qc2 Be7 7. e3 O-O 8. Bd3
Nbd7 9. Nge2 Re8 10. f3 Nf8 11. Bg3 Ng6 12. h3 a6 13. Bf2 c5 14. O-O cxd4 15.
Nxd4 Ne5 16. Rfd1 b5 17. a3 Nxd3 18. Qxd3 Bb7 19. Nf5 Rc8 20. Rac1 Bc5 21. b4
Bf8 22. Bh4 g6 23. Qd4 Rc4 24. Qxf6 Qxf6 25. Bxf6 gxf5 26. Rd3 f4 27. exf4 Rxf4
28. Bg5 Rc4 29. Rcd1 Bg7 30. Nxd5 Bxd5 31. Rxd5 Bb2 32. Bh6 f6 33. Rd7 f5 34.
R1d2 Bc1 35. Rg7+ Kh8 36. Rdd7 Bxh6 37. Rxh7+ Kg8 38. Rxh6 Rc1+ 39. Kh2 Ra1 40.
Rg6+ Kh8 41. Rh6+ Kg8 42. Rxa6 1-0

[Event "NM Junior Gruppe B 2002"]
[Site "Tjele"]
[Date "2002.02.14"]
[Round "2"]
[White "Berg, Olaf"]
[Black "Pedersen, Christian Kyndel"]
[Result "0-1"]
[WhiteElo "2055"]
[BlackElo "2254"]
[PlyCount "96"]
[EventDate "2002.??.??"]

1. e4 e6 2. d3 d5 3. Nd2 Nf6 4. g3 b6 5. Bg2 Bb7 6. Qe2 dxe4 7. Nxe4 Nc6 8. Nf3
Nxe4 9. Qxe4 Bd6 10. O-O h6 11. Bd2 Qe7 12. Rfe1 O-O 13. Bc3 Rae8 14. Re2 Qd7
15. Rae1 b5 16. a3 a5 17. Ne5 Bxe5 18. Bxe5 f6 19. Bc3 Qd6 20. Qg4 e5 21. Qf3
Rd8 22. Qh5 b4 23. axb4 axb4 24. Bd2 Rf7 25. Be4 f5 26. Bg2 Re7 27. f4 e4 28.
dxe4 Nd4 29. Rf2 Bxe4 30. Be3 Bxg2 31. Kxg2 Rde8 32. Bxd4 Rxe1 33. Be5 Qd5+ 34.
Kh3 Rf8 35. Qg6 Qf7 36. Qc6 Rg1 37. Kh4 Qe7+ 38. Kh5 Qf7+ 39. Qg6 c5 40. Rd2
Rh1 41. h4 Rg1 42. Rd3 c4 43. Re3 Re8 44. Qxf7+ Kxf7 45. b3 c3 46. Rd3 Re7 47.
Bd4 Rg2 48. Bc5 Rd2 0-1

[Event "NM Junior Gruppe B 2002"]
[Site "Tjele"]
[Date "2002.02.14"]
[Round "2"]
[White "Semcesen, Daniel"]
[Black "Moller, Morten Kock"]
[Result "1/2-1/2"]
[WhiteElo "2097"]
[BlackElo "1903"]
[PlyCount "71"]
[EventDate "2002.??.??"]

1. e4 e5 2. f4 exf4 3. Nf3 g5 4. h4 g4 5. Ne5 Nf6 6. d4 d6 7. Nd3 Nxe4 8. Bxf4
Bg7 9. c3 O-O 10. Nd2 Re8 11. Be2 Qe7 12. Nxe4 Qxe4 13. Kf2 g3+ 14. Kf1 Bf5 15.
Bxg3 c5 16. dxc5 dxc5 17. Nxc5 Qe7 18. Bf2 Nc6 19. Bd3 Rad8 20. Qf3 Ne5 21.
Qxf5 Nxd3 22. Nxd3 Qe2+ 23. Kg1 Qxd3 24. Qxd3 Rxd3 25. Rh3 Rxh3 26. gxh3 Re2
27. Re1 Rxe1+ 28. Bxe1 Be5 29. Kf2 f5 30. Kf3 Kf7 31. Bg3 Bf6 32. h5 Ke6 33.
Bf4 a6 34. Ke3 Kd5 35. Kd3 Be7 36. Ke3 1/2-1/2

[Event "NM Junior Gruppe B 2002"]
[Site "Tjele"]
[Date "2002.02.14"]
[Round "2"]
[White "Siljander, Juhana"]
[Black "Tallaksen, Geir Sune"]
[Result "1/2-1/2"]
[WhiteElo "1984"]
[BlackElo "2235"]
[PlyCount "113"]
[EventDate "2002.??.??"]

1. e4 e5 2. Nf3 Nc6 3. d4 exd4 4. Nxd4 Nf6 5. Nc3 Bb4 6. Nxc6 bxc6 7. Bd3 d5 8.
exd5 cxd5 9. O-O O-O 10. Bg5 c6 11. Qf3 Be7 12. h3 Be6 13. Ne2 c5 14. Ng3 h6
15. Bf4 Qc8 16. c3 Rd8 17. Nh5 Nxh5 18. Qxh5 Bf6 19. Qf3 Qb7 20. Rab1 Qe7 21.
Rfe1 a5 22. Bf5 Ra6 23. Qg3 Bh4 24. Qf3 Qf6 25. Bxe6 Rxe6 26. Rxe6 fxe6 27. Re1
Re8 28. Qe3 Qe7 29. Be5 Rf8 30. Bg3 Bxg3 31. Qxg3 Rd8 32. Qe3 Re8 33. Qe5 Qd7
34. b3 a4 35. Rd1 axb3 36. axb3 Qb5 37. b4 cxb4 38. cxb4 Qxb4 39. Rxd5 exd5 40.
Qxe8+ Kh7 41. Qe3 Qc4 42. f3 Qb5 43. Kf2 Qb2+ 44. Kg3 Qf6 45. Kf2 Kg6 46. Qe8+
Qf7 47. Qxf7+ Kxf7 48. Ke3 Ke6 49. Kd4 h5 50. h4 Kd6 51. g4 hxg4 52. fxg4 Ke6
53. h5 Kf6 54. Kxd5 Kg5 55. Ke6 Kxg4 56. Kf7 Kxh5 57. Kxg7 1/2-1/2

[Event "NM Junior Gruppe B 2002"]
[Site "Tjele"]
[Date "2002.02.14"]
[Round "2"]
[White "Tikkanen, Hans"]
[Black "Karlsson, Bjorn Ivar"]
[Result "1-0"]
[WhiteElo "2263"]
[BlackElo "1870"]
[PlyCount "73"]
[EventDate "2002.??.??"]

1. d4 Nf6 2. c4 c5 3. d5 b5 4. cxb5 a6 5. b6 Qxb6 6. Nc3 d6 7. e4 g6 8. Nf3 Bg7
9. Nd2 O-O 10. Nc4 Qc7 11. Be2 Nbd7 12. a4 Nb6 13. Na3 Bb7 14. a5 Nbd7 15. Nc4
Rab8 16. f4 Ne8 17. O-O e6 18. Bf3 exd5 19. exd5 Ba8 20. Re1 Rb4 21. Qd3 Bd4+
22. Be3 Nef6 23. Rac1 Re8 24. Bf2 Rxe1+ 25. Rxe1 Bxf2+ 26. Kxf2 Rb3 27. g4 Nf8
28. g5 N6d7 29. Re8 Rb8 30. Qe3 Kg7 31. Qe7 Rxe8 32. Qxe8 Qb7 33. Ne2 Qb3 34.
Ne3 Bb7 35. Bg4 Qb5 36. Qe7 Bc8 37. Be6 1-0

[Event "NM Junior Gruppe B 2002"]
[Site "Tjele"]
[Date "2002.02.14"]
[Round "2"]
[White "Tomason, Rani"]
[Black "Egeland, Marte"]
[Result "0-1"]
[WhiteElo "1185"]
[BlackElo "1542"]
[PlyCount "64"]
[EventDate "2002.??.??"]

1. e4 d5 2. exd5 Nf6 3. Bc4 Nxd5 4. Nf3 Bg4 5. b3 e6 6. Bb2 Nf6 7. Nc3 Be7 8.
h3 Bh5 9. g4 Bg6 10. Nh4 c6 11. Nxg6 hxg6 12. Qf3 Qc7 13. O-O-O Nbd7 14. d4 Nb6
15. Bd3 O-O-O 16. Ne4 Nbd5 17. Kb1 Qa5 18. g5 Nxe4 19. Bxe4 Rhf8 20. h4 Ba3 21.
Ba1 Bb4 22. Rd3 Be7 23. Rdd1 Bb4 24. Rd3 Nc7 25. a4 f5 26. gxf6 Rxf6 27. Qg3
Bd6 28. Qg2 Rdf8 29. Rf1 Rxf2 30. Rxf2 Qe1+ 31. Ka2 Rxf2 32. Bc3 Qe2 0-1

[Event "NM Junior Gruppe B 2002"]
[Site "Tjele"]
[Date "2002.02.14"]
[Round "2"]
[White "Valgardsson, Gudjon Heidar"]
[Black "Wiwe, Andreas"]
[Result "0-1"]
[WhiteElo "2046"]
[BlackElo "1930"]
[PlyCount "112"]
[EventDate "2002.??.??"]

1. e4 c5 2. Nf3 d6 3. d4 cxd4 4. Nxd4 Nf6 5. Nc3 g6 6. Be3 Bg7 7. f3 Nc6 8. Bc4
O-O 9. Qd2 Bd7 10. O-O-O Ne5 11. Bb3 Qa5 12. h4 Rfc8 13. h5 Nxh5 14. Bh6 Bxh6
15. Qxh6 Rxc3 16. bxc3 Nf6 17. Ne2 Rc8 18. g4 Nxf3 19. Rd5 Qa3+ 20. Kb1 Bxg4
21. Nf4 e6 22. Nxg6 fxg6 23. Rf5 Qxb3+ 24. cxb3 exf5 25. exf5 Bxf5+ 26. Kb2 Ne5
27. c4 Kf7 28. Rd1 Nd3+ 29. Kc3 Nf2 30. Re1 a5 31. Kd4 N2g4 32. Qd2 Ne5 33. Qg2
Rc7 34. Re2 h5 35. c5 Nc6+ 36. Kc4 Be6+ 37. Kd3 dxc5 38. Qg5 Rd7+ 39. Kc3 Bf5
40. Qh6 b5 41. Qh8 Rd8 42. Qh6 Nd4 43. Re5 Ne6 44. a4 bxa4 45. bxa4 Rd4 46. Kb3
Rb4+ 47. Ka3 Rb8 48. Qd2 h4 49. Qh2 Rb4 50. Re2 Nf4 51. Re1 g5 52. Qa2+ Kg6 53.
Re5 Nd3 54. Re7 c4 55. Qa1 Rb3+ 56. Ka2 Nb4# 0-1

[Event "NM Junior Gruppe B 2002"]
[Site "Tjele"]
[Date "2002.02.15"]
[Round "3"]
[White "Egeland, Marte"]
[Black "Semcesen, Daniel"]
[Result "1/2-1/2"]
[WhiteElo "1542"]
[BlackElo "2097"]
[PlyCount "130"]
[EventDate "2002.??.??"]

1. d4 Nf6 2. Nf3 g6 3. g3 Bg7 4. Bg2 O-O 5. O-O d6 6. Nc3 d5 7. Bf4 c6 8. Qd2
Re8 9. Rfe1 Bf5 10. Ne5 Nbd7 11. Rad1 Qb6 12. Qc1 Rad8 13. Nb1 Nh5 14. Nxd7
Rxd7 15. Be3 Nf6 16. f3 Qd8 17. c3 e5 18. dxe5 Rxe5 19. Bd4 Re8 20. Bf2 Rde7
21. e4 Bc8 22. Bc5 Re6 23. exd5 cxd5 24. Rxe6 Bxe6 25. Na3 b6 26. Bf2 Qb8 27.
Nc2 a5 28. Nd4 b5 29. a3 Bf8 30. Nxe6 fxe6 31. b4 Qc7 32. Bf1 Rc8 33. Qe3 e5
34. Bxb5 axb4 35. cxb4 Qc2 36. Re1 Rc3 37. Qxe5 Rxf3 38. Be2 Rf5 39. Qe6+ Kg7
40. Bd4 Qd2 41. Rd1 Qc2 42. Rf1 Rxf1+ 43. Bxf1 Qf5 44. Qxf5 gxf5 45. Bg2 Kg6
46. Bxf6 Kxf6 47. Bxd5 Ke5 48. Bg8 h6 49. Kf2 f4 50. g4 Be7 51. Kf3 Bd8 52. h3
Be7 53. Bb3 Bd6 54. Ke2 Kd4 55. Bd1 Be7 56. Kf3 Ke5 57. Ba4 Bd6 58. Bc6 Be7 59.
Ke2 Kd4 60. Kf3 Ke5 61. Be4 Bd6 62. b5 Bxa3 63. b6 Bc5 64. b7 Bd6 65. Bc6 Bb8
1/2-1/2

[Event "NM Junior Gruppe B 2002"]
[Site "Tjele"]
[Date "2002.02.15"]
[Round "3"]
[White "Karlsson, Bjorn Ivar"]
[Black "Pedersen, Christian Kyndel"]
[Result "1-0"]
[WhiteElo "1870"]
[BlackElo "2254"]
[PlyCount "149"]
[EventDate "2002.??.??"]

1. d4 d5 2. Nf3 Nf6 3. c4 c6 4. Nc3 e6 5. e3 Nbd7 6. Qc2 Bd6 7. Bd3 O-O 8. O-O
Re8 9. e4 dxe4 10. Nxe4 Nxe4 11. Bxe4 h6 12. b3 c5 13. Bb2 Nf6 14. dxc5 Bxc5
15. Rad1 Qe7 16. Ne5 Nxe4 17. Qxe4 f6 18. Nd3 Bd6 19. Rfe1 Rb8 20. c5 Bc7 21.
Nb4 Qf7 22. Nd5 Be5 23. Nc3 Bd7 24. b4 Bc6 25. Qe3 Qg6 26. f3 Qh5 27. f4 Qg4
28. g3 Bxc3 29. Bxc3 Bd5 30. Rd2 a6 31. Qe2 Qf5 32. Qd3 Qg4 33. Qe2 Qh3 34. Qf1
Qh5 35. Qe2 Qf5 36. a3 h5 37. Qd3 Qg4 38. Qe2 Bf3 39. Qe3 h4 40. Kf2 Bd5 41.
Rg1 Qh3 42. Ke1 Kf7 43. Kd1 Rh8 44. Kc2 hxg3 45. hxg3 Qg4 46. Kb2 Rbc8 47. Qe2
Qf5 48. Qf2 Rh3 49. g4 Qe4 50. Rd4 Rf3 51. Qd2 Qe3 52. Qxe3 Rxe3 53. f5 Rh8 54.
Kc2 Rhh3 55. Bb2 Re2+ 56. Rd2 Be4+ 57. Kd1 Rxd2+ 58. Kxd2 exf5 59. g5 Rh2+ 60.
Kc3 Rh3+ 61. Kd2 Rb3 62. Kc1 fxg5 63. Rxg5 g6 64. Rg1 Rh3 65. Rg5 Rh2 66. Bd4
Rc2+ 67. Kd1 Rc4 68. Bb2 Bf3+ 69. Kd2 Bg4 70. Kd3 Re4 71. Bd4 Rf4 72. Be3 Rf3
73. Kd4 Kf6 74. a4 Rf1 75. b5 1-0

[Event "NM Junior Gruppe B 2002"]
[Site "Tjele"]
[Date "2002.02.15"]
[Round "3"]
[White "Moller, Morten Kock"]
[Black "Siljander, Juhana"]
[Result "1/2-1/2"]
[WhiteElo "1903"]
[BlackElo "1984"]
[PlyCount "126"]
[EventDate "2002.??.??"]

1. e4 e5 2. Nc3 Nc6 3. Bc4 Bc5 4. Qg4 Bf8 5. Qg3 Nf6 6. d3 Nh5 7. Qf3 Nf6 8.
Nge2 Be7 9. O-O d6 10. Nd5 Nxd5 11. Bxd5 O-O 12. c3 Kh8 13. Ng3 Bg5 14. Be3 Bh4
15. d4 Ne7 16. Bb3 f5 17. Nxf5 Nxf5 18. exf5 Rxf5 19. Qe2 d5 20. dxe5 Rxe5 21.
Qd2 c6 22. Bf4 Bg5 23. Rfe1 Rxe1+ 24. Rxe1 Bf6 25. Bc2 Bd7 26. Qd3 g6 27. Qg3
Qf8 28. Be5 Re8 29. Bxf6+ Qxf6 30. Rxe8+ Bxe8 31. Qe3 Bf7 32. Qxa7 Qe7 33. Qe3
Qd6 34. Qd4+ Kg8 35. b4 b5 36. a4 bxa4 37. Bxa4 Qe6 38. Qe3 Qd6 39. h3 Qf6 40.
Qd4 Qe6 41. Qc5 Be8 42. Qe3 Qf7 43. Qe5 Qd7 44. Bd1 Bf7 45. Bg4 Qb7 46. h4 Qa7
47. Qd4 Qe7 48. g3 Be8 49. Qe3 Kf7 50. Qxe7+ Kxe7 51. Kf1 Kd6 52. Ke2 c5 53.
bxc5+ Kxc5 54. Kd2 d4 55. Be6 dxc3+ 56. Kxc3 h6 57. Kd3 Kd6 58. Bg4 Ke5 59. Ke3
Bc6 60. Bf3 Be8 61. Be4 g5 62. f4+ gxf4+ 63. gxf4+ Kf6 1/2-1/2

[Event "NM Junior Gruppe B 2002"]
[Site "Tjele"]
[Date "2002.02.15"]
[Round "3"]
[White "Tallaksen, Geir Sune"]
[Black "Tikkanen, Hans"]
[Result "1/2-1/2"]
[WhiteElo "2235"]
[BlackElo "2263"]
[PlyCount "81"]
[EventDate "2002.??.??"]

1. d4 Nf6 2. c4 e6 3. Nf3 b6 4. a3 Ba6 5. Qc2 Bb7 6. Nc3 c5 7. e4 cxd4 8. Nxd4
Nc6 9. Nxc6 Bxc6 10. Bf4 d6 11. O-O-O Qc7 12. Bd3 Be7 13. Kb1 Nd7 14. Be2 O-O-O
15. Rc1 Kb8 16. Rhd1 Rc8 17. Ka2 Rhd8 18. Qd2 Ne5 19. Nd5 Qb7 20. Nxe7 Qxe7 21.
Qb4 Qf6 22. Bg3 Bxe4 23. Rxd6 Kb7 24. Rcd1 Nc6 25. Rd7+ Rxd7 26. Rxd7+ Ka8 27.
Qb5 Na5 28. Be5 Qxf2 29. Qa6 Nb7 30. Bf3 Bxf3 31. gxf3 Qxf3 32. Bd4 Kb8 33.
Be5+ Ka8 34. Bd4 Kb8 35. a4 f6 36. a5 Qc6 37. axb6 axb6 38. Bxb6 Qxc4+ 39. Qxc4
Rxc4 40. Rxg7 Rc6 41. Rg8+ 1/2-1/2

[Event "NM Junior Gruppe B 2002"]
[Site "Tjele"]
[Date "2002.02.15"]
[Round "3"]
[White "Valgardsson, Gudjon Heidar"]
[Black "Tomason, Rani"]
[Result "1-0"]
[WhiteElo "2046"]
[BlackElo "1185"]
[PlyCount "69"]
[EventDate "2002.??.??"]

1. e4 c5 2. Nf3 d6 3. d4 cxd4 4. Nxd4 Nf6 5. Nc3 g6 6. Be3 Bg7 7. f3 O-O 8. Qd2
Nc6 9. O-O-O Nxd4 10. Bxd4 Be6 11. h4 Qa5 12. Kb1 Rfc8 13. a3 Rab8 14. g4 b5
15. Nd5 Qxd2 16. Nxf6+ Bxf6 17. Rxd2 Bxd4 18. Rxd4 Rc5 19. Be2 Rbc8 20. c3 Kg7
21. f4 Bc4 22. Bd1 a6 23. f5 f6 24. Bc2 Re5 25. g5 Rb8 26. Rd2 Rh8 27. Rf2 Rf8
28. Kc1 Bg8 29. h5 fxg5 30. h6+ Kf7 31. fxg6+ Ke8 32. Rxf8+ Kxf8 33. Rf1+ Ke8
34. Bb3 e6 35. Rf7 1-0

[Event "NM Junior Gruppe B 2002"]
[Site "Tjele"]
[Date "2002.02.15"]
[Round "3"]
[White "Wiwe, Andreas"]
[Black "Berg, Olaf"]
[Result "1-0"]
[WhiteElo "1930"]
[BlackElo "2055"]
[PlyCount "119"]
[EventDate "2002.??.??"]

1. e4 c5 2. c3 Nf6 3. e5 Nd5 4. d4 cxd4 5. Nf3 e6 6. cxd4 b6 7. Nc3 Nxc3 8.
bxc3 Qc7 9. Bd2 Ba6 10. Bxa6 Nxa6 11. O-O Qc4 12. Ng5 Qd3 13. Re1 Be7 14. Re3
Qb5 15. Qf3 O-O 16. Qh5 h6 17. Ne4 f5 18. Nd6 Bxd6 19. exd6 Qb2 20. Rd1 Qc2 21.
f4 Qxa2 22. Rg3 Rf6 23. Be1 Qd5 24. Qe2 Nb8 25. c4 Qxd6 26. Bc3 Rf7 27. Qf3 Qc6
28. d5 exd5 29. cxd5 Qc4 30. Qh5 Qc5+ 31. Bd4 Qd6 32. Be5 Qc5+ 33. Kh1 d6 34.
Rc3 Qb5 35. Rc8+ Rf8 36. Rxf8+ Kxf8 37. Qxf5+ Kg8 38. Qc8+ Kh7 39. Qb7 dxe5 40.
Qxa8 Nd7 41. fxe5 Qe2 42. Rc1 Nxe5 43. Qc8 Qd3 44. Qe6 Ng6 45. d6 Nf4 46. Qe5
Qd2 47. Rg1 Nd3 48. Qf5+ Kh8 49. Rf1 Nc5 50. Qg6 Kg8 51. h3 a5 52. Rb1 a4 53.
Rxb6 Qe1+ 54. Kh2 Qe5+ 55. Qg3 Qd5 56. Rb5 Qc6 57. Rxc5 Qxc5 58. d7 Qb6 59. Qe5
Kh7 60. Qe4+ 1-0

[Event "NM Junior Gruppe B 2002"]
[Site "Tjele"]
[Date "2002.02.15"]
[Round "4"]
[White "Egeland, Marte"]
[Black "Pedersen, Christian Kyndel"]
[Result "0-1"]
[WhiteElo "1542"]
[BlackElo "2254"]
[PlyCount "90"]
[EventDate "2002.??.??"]

1. e4 e6 2. d4 d5 3. Nc3 Bb4 4. e5 c5 5. a3 Bxc3+ 6. bxc3 Qa5 7. Bd2 Qa4 8. Qb1
c4 9. Nf3 Nc6 10. Be2 Nge7 11. O-O O-O 12. Ng5 f6 13. exf6 gxf6 14. Nh3 e5 15.
dxe5 fxe5 16. f4 Bxh3 17. gxh3 e4 18. Bg4 Qa6 19. Be6+ Kh8 20. Kh1 Nf5 21. Bxf5
Rxf5 22. Qd1 Qa5 23. Qg4 Raf8 24. Rg1 R5f7 25. Rg2 Ne7 26. Rag1 h6 27. Qh5 Rf6
28. Rg7 Nf5 29. R7g5 d4 30. cxd4 Qd5 31. Be3 Qf7 32. Bd2 Qxh5 33. Rxh5 Kh7 34.
Bc3 Rg6 35. Rb1 b6 36. Rb5 Rgf6 37. d5 R6f7 38. Bb4 Rg8 39. d6 Rfg7 40. Rg5
hxg5 41. Rxf5 gxf4 42. Rh5+ Kg6 43. Rd5 Kf7 44. Rd1 Ke6 45. h4 e3 0-1

[Event "NM Junior Gruppe B 2002"]
[Site "Tjele"]
[Date "2002.02.15"]
[Round "4"]
[White "Moller, Morten Kock"]
[Black "Tallaksen, Geir Sune"]
[Result "1/2-1/2"]
[WhiteElo "1903"]
[BlackElo "2235"]
[PlyCount "42"]
[EventDate "2002.??.??"]

1. e4 e5 2. Nc3 Nf6 3. f4 d5 4. fxe5 Nxe4 5. d3 Nxc3 6. bxc3 Be7 7. Nf3 O-O 8.
Be2 f6 9. O-O Nc6 10. exf6 Bxf6 11. d4 Bf5 12. Rb1 Rb8 13. Bd3 Be4 14. Qe1 Re8
15. Qg3 Bxd3 16. cxd3 b6 17. Bf4 Rc8 18. Qg4 Re7 19. Rbe1 Qd7 20. Qxd7 Rxd7 21.
Re6 Ne7 1/2-1/2

[Event "NM Junior Gruppe B 2002"]
[Site "Tjele"]
[Date "2002.02.15"]
[Round "4"]
[White "Semcesen, Daniel"]
[Black "Valgardsson, Gudjon Heidar"]
[Result "1/2-1/2"]
[WhiteElo "2097"]
[BlackElo "2046"]
[PlyCount "100"]
[EventDate "2002.??.??"]

1. e4 c5 2. Nf3 Nc6 3. d3 e6 4. g3 d5 5. Nbd2 Bd6 6. Bg2 g5 7. Nb3 dxe4 8. Nxg5
exd3 9. Qxd3 Nb4 10. Qe2 Nf6 11. c3 c4 12. O-O Nxa2 13. Qxc4 Nxc1 14. Raxc1 Rg8
15. Ne4 Nxe4 16. Qxe4 h5 17. Rcd1 h4 18. Nd4 hxg3 19. hxg3 a6 20. Rfe1 Kf8 21.
Re2 Qb6 22. Qd3 Bxg3 23. fxg3 e5 24. Rf2 exd4 25. Qf3 Qc7 26. Rd3 Bg4 27. Qf6
Rd8 28. Bxb7 Be6 29. Bg2 Bc4 30. Rxd4 Rxd4 31. Qxd4 Rxg3 32. Rf4 Bd5 33. Qb4+
Ke8 34. Rf2 Qe5 35. Qa4+ Kf8 36. Qa3+ Qe7 37. Qxe7+ Kxe7 38. Kh2 Rxg2+ 39. Rxg2
Bxg2 40. Kxg2 Kd6 41. Kf3 Kd5 42. b3 a5 43. Kf4 Ke6 44. Ke4 f5+ 45. Kf3 Ke5 46.
Ke3 f4+ 47. Kf2 Ke4 48. Ke2 f3+ 49. Kf2 Kd3 50. c4 a4 1/2-1/2

[Event "NM Junior Gruppe B 2002"]
[Site "Tjele"]
[Date "2002.02.15"]
[Round "4"]
[White "Siljander, Juhana"]
[Black "Tikkanen, Hans"]
[Result "0-1"]
[WhiteElo "1984"]
[BlackElo "2263"]
[PlyCount "106"]
[EventDate "2002.??.??"]

1. e4 c5 2. Nf3 Nc6 3. d4 cxd4 4. Nxd4 g6 5. c4 Bg7 6. Be3 Nf6 7. Nc3 O-O 8.
Be2 d6 9. O-O Re8 10. f4 Bd7 11. Rc1 Rc8 12. Bf3 Qb6 13. Na4 Qa5 14. Nxc6 Bxc6
15. Nc3 Nd7 16. a3 Nc5 17. e5 Na4 18. b4 Nxc3 19. Rxc3 Bxf3 20. Qxf3 Qa6 21. c5
Qc6 22. Qxc6 Rxc6 23. Bd4 dxe5 24. Bxe5 Bxe5 25. fxe5 Rd8 26. Rcf3 Re6 27. Rxf7
Rxe5 28. R7f3 Re2 29. R3f2 Re3 30. Rf3 Re2 31. R3f2 Rxf2 32. Kxf2 Rf8+ 33. Ke2
Rxf1 34. Kxf1 Kf7 35. Ke2 Ke6 36. Ke3 Kd5 37. Kd3 g5 38. h3 a5 39. g3 h6 40. g4
axb4 41. axb4 e5 42. Ke3 Kc4 43. Ke4 Kxb4 44. Kxe5 Kxc5 45. Kf6 Kd6 46. Kg6 Ke6
47. Kxh6 Kf6 48. h4 gxh4 49. g5+ Kf7 50. Kh7 h3 51. g6+ Kf6 52. g7 h2 53. g8=N+
Ke6 0-1

[Event "NM Junior Gruppe B 2002"]
[Site "Tjele"]
[Date "2002.02.15"]
[Round "4"]
[White "Tomason, Rani"]
[Black "Berg, Olaf"]
[Result "0-1"]
[WhiteElo "1185"]
[BlackElo "2055"]
[PlyCount "90"]
[EventDate "2002.??.??"]

1. e4 c5 2. Nf3 d6 3. d4 cxd4 4. Nxd4 Nf6 5. Nc3 a6 6. Bg5 e6 7. f4 Be7 8. Qf3
Qc7 9. O-O-O Nbd7 10. g4 b5 11. Bxf6 Nxf6 12. g5 Nd7 13. h4 b4 14. Nce2 Nc5 15.
Ng3 Bb7 16. f5 e5 17. Nb3 O-O-O 18. Kb1 Kb8 19. Rh2 f6 20. g6 h6 21. h5 Rd7 22.
Rhd2 Rhd8 23. Nc1 Qc6 24. Bg2 Qb6 25. Qe3 Qc6 26. Nb3 Na4 27. Na5 Qb5 28. Nxb7
Nc3+ 29. Ka1 Nxd1 30. Rxd1 Rxb7 31. Ne2 Rc8 32. Kb1 a5 33. Bf1 Qc5 34. Qb3 Qc6
35. Ng3 a4 36. Qd3 Qc5 37. Qd2 Rc6 38. Bd3 Bd8 39. Nf1 Bb6 40. Re1 b3 41. a3
bxc2+ 42. Qxc2 Qxc2+ 43. Bxc2 Bd4 44. Kc1 Rxb2 45. Re2 Ra2 0-1

[Event "NM Junior Gruppe B 2002"]
[Site "Tjele"]
[Date "2002.02.15"]
[Round "4"]
[White "Wiwe, Andreas"]
[Black "Karlsson, Bjorn Ivar"]
[Result "1-0"]
[WhiteElo "1930"]
[BlackElo "1870"]
[PlyCount "105"]
[EventDate "2002.??.??"]

1. e4 c5 2. Nf3 d6 3. d4 cxd4 4. Nxd4 Nf6 5. Nc3 Nc6 6. Bg5 e6 7. Qd2 a6 8.
O-O-O h6 9. Be3 Qc7 10. f3 Rb8 11. Kb1 Ne5 12. h4 b5 13. Ka1 b4 14. Nb1 h5 15.
Bd3 Bd7 16. Qe2 a5 17. c3 g6 18. Rc1 Qb7 19. Ba6 Qa8 20. cxb4 axb4 21. Bb5 Bg7
22. Bxd7+ Nfxd7 23. g4 hxg4 24. Nb5 Rxb5 25. Qxb5 O-O 26. Bd4 Rb8 27. Qf1 gxf3
28. Nd2 b3 29. a3 f2 30. h5 Nc5 31. hxg6 fxg6 32. Qh3 Kf7 33. Rh2 Rh8 34. Rxf2+
Ke7 35. Qf1 Rh7 36. Rxc5 dxc5 37. Bxc5+ Kd7 38. Nxb3 Qxe4 39. Rd2+ Ke8 40. Qb5+
Kf7 41. Rd1 Rh2 42. Bd4 Rh1 43. Rxh1 Qxh1+ 44. Ka2 Qe4 45. a4 g5 46. a5 g4 47.
a6 g3 48. a7 g2 49. Qa5 Qa8 50. Qc7+ Kg6 51. Qb8 Nf3 52. Qxa8 Bxd4 53. Nxd4 1-0

[Event "NM Junior Gruppe B 2002"]
[Site "Tjele"]
[Date "2002.02.16"]
[Round "5"]
[White "Berg, Olaf"]
[Black "Valgardsson, Gudjon Heidar"]
[Result "0-1"]
[WhiteElo "2055"]
[BlackElo "2046"]
[PlyCount "72"]
[EventDate "2002.??.??"]

1. c4 e5 2. Nc3 Nf6 3. g3 c6 4. e4 a5 5. Bg2 Bc5 6. d3 Qb6 7. Qe2 d6 8. Nf3 a4
9. O-O Qa6 10. Rb1 b5 11. b3 axb3 12. axb3 O-O 13. Kh1 Qb6 14. h3 Na6 15. Nh4
Nb4 16. f4 Bd4 17. Bd2 Na2 18. Nd1 b4 19. f5 Nc3 20. Nxc3 bxc3 21. Bg5 Qa5 22.
Bxf6 gxf6 23. Nf3 Qa2 24. Nxd4 exd4 25. Qg4+ Kh8 26. Qh4 Kg7 27. Qg4+ Kh8 28.
Qf4 Kg7 29. Qxd6 Qc2 30. Qxd4 Ra2 31. Rg1 c5 32. Qe3 Rd8 33. e5 Bb7 34. exf6+
Kh8 35. Rbc1 Bxg2+ 36. Kh2 Bc6+ 0-1